MARC

LEADER 00000nam0a2200000 4500
001 288945
005 20231102000135.0
020 |a RU  |b 84-26404 
035 |a (RuTPU)RU\TPU\book\313450 
090 |a 288945 
100 |a 20150330d1984 km y0rusy5003 ca 
101 0 |a rus 
102 |a RU 
105 |a a z 000zy 
200 1 |a С чего начинается сад  |f авт.-сост. Х. Г. Кучушев 
210 |a Казань  |c Татарское кн. изд-во  |d 1984 
215 |a 255 с.  |c ил. 
300 |a Авт. указан на обороте тит. л. 
606 1 |a Садоводство  |x Сельское хозяйство  |2 stltpush  |3 (RuTPU)RU\TPU\subj\53570  |9 71739 
610 1 |a плодовые сады коллективные 
610 1 |a землеустройство 
610 1 |a садовые домики 
610 1 |a камины 
610 1 |a бани 
610 1 |a сад 
610 1 |a садовые работы 
610 1 |a растения 
610 1 |a микроклимат 
610 1 |a птицеводство 
610 1 |a птицеводческие помещения 
610 1 |a фрукты 
610 1 |a ягоды 
610 1 |a хранение 
610 1 |a кролики 
610 1 |a ремонтные работы 
610 1 |a инвентарь 
675 |a 633/635  |z rus  |v 3 
702 1 |a Кучушев  |b Х. Г.  |g Хасан Ганеевич  |4 220 
801 0 |a RU  |b RuMRKP  |c 19950704  |g psbo 
801 1 |a RU  |b 63413507  |c 20150330 
801 2 |a RU  |b 63413507  |c 20171128  |g RCR 
942 |c BK